| 000 | 01269nam a2200301 4500 | ||
|---|---|---|---|
| 003 | EC-UNACH | ||
| 005 | 20251021111107.0 | ||
| 006 | s||||gr|||| 00| 00 | ||
| 008 | 150116t9999 mx r gr 000 0 spa d | ||
| 020 | _a84-9756-385-9 | ||
| 040 |
_aEC-UNACH _cEC-UNACH |
||
| 041 | _aspa | ||
| 082 | 0 | 4 |
_223 _a338.74 _bL017839 |
| 110 | _aEditorial Sintesis | ||
| 245 | _aManual de Finanzas para empresas turísticas | ||
| 250 | _aPrimera edición | ||
| 264 |
_aEspaña _bEditorial Sintesis _c2010 |
||
| 300 | _a421 | ||
| 505 | _aCapitulo 1- Estructura del sector turístico Capitulo 2- Estados financieros de empresas turísticas Capitulo 3- Agencias de viajes y tour operadores Capitulo 4- E-travel y gds Capitulo 5- Líneas aéreas Capitulo 6- La industria hotelera Capitulo 7- Turismo receptivo y activos en destino Capitulo 8- La creación de valor: Wacc y roic Capitulo 9- Valoración de empresas turísticas Capitulo 10- Funciones y adquisiciones . Casos de estudio | ||
| 650 | _aEVOLUCIÓN DEL TURISMO MUNDIAL | ||
| 650 | _aESTRUCTURA Y ANALISIS | ||
| 650 | _aTENDENCIAS DEL MERCADO | ||
| 700 | _aAvelino A. Vegas | ||
| 942 |
_2ddc _c1 |
||
| 999 | _c14049 | ||